Mayo 2017 All Ireland Final Starting 15 - Statistics

General Stats
  • This quiz has been taken 8 times
  • The average score is 12 of 15
Answer Stats
Hint Answer % Correct
11 Aidan O'Shea
100%
15 Andy Moran
100%
14 Cillian O'Connor
100%
1 David Clarke
100%
5 Lee Keegan
100%
8 Séamus O'Shea
100%
6 Chris Barrett
80%
7 Colm Boyle
80%
3 Donal Vaughan
80%
18 Patrick Durcan
80%
9 Tom Parsons
80%
2 Brendan Harrison
60%
4 Keith Higgins
60%
13 Jason Doherty
40%
10 Kevin McLoughlin
40%
No matching quizzes found
Score Distribution
Percent of People with Each Score
Percentile by Number Answered
Your Score History
You have not taken this quiz